Roger Federer Quiz - Statistics

General Stats
  • This quiz has been taken 72 times
  • The average score is 16 of 20
Answer Stats
Hint Answer % Correct
The country he comes from Switzerland
100%
His favorite surface to play on Grass
96%
Year in which he won his first Major single's title 2003
94%
His greatest rivals Novak Djokovic
94%
French
94%
Rafael Nadal
94%
Major ATP single's title he has won a record 8 times Wimbledon
91%
He won a silver medal in the men's singles at the 2012 Summer Olympics in London, losing to this player in the final Andy Murray
90%
Major ATP Tournament at which he completed the Career Grand Slam 2009 Roland Garros (French Open)
85%
His home town (where he has won the local ATP single's tournament a record 10 times) Basel
85%
Body part on which he was operated several times Knee
82%
Tennis player whose record of 14 major men's singles titles he surpassed at the age of 27 Pete Sampras
81%
{Swiss} German
81%
Languages he speaks besides English German
75%
Fellow tennis player with whom he won the gold medal in men's doubles at the 2008 Summer Olympics in Beijing Stanislas Wawrinka
75%
His nickname The Swiss {Maestro}
70%
His wife {Miroslava} Federer
67%
His final ATP tournament 2022 Laver Cup
63%
Shoe company he owns a stake in ON
60%
Country his mother comes from originally South Africa
51%
No matching quizzes found
Score Distribution
Percent of People with Each Score
Percentile by Number Answered
Your Score History
You have not taken this quiz